000
00281nam a2200109Ia 4500
008
220204s9999 xx 000 0 und d
082
_a
027.7
_b
GEL
100
_a
Gelfand, M A
245
0
_a
University libraries for developing countries
260
_a
Paris
_b
Unesco
_c
1968
942
_c
BK
999
_c
23253
_d
23253